000 00238nam a2200097Ia 4500
001 652412
005 20250826154438.0
008 250824s9999 xx 000 0 und d
245 0 _aAĞAÇ OKUL
_cCAHİT ZARİFOĞLU
260 _bBEYAN YAYINLARI
999 _c652412
_d652412